000 02453nam a2200265 i 4500
005 20250329165423.0
007 ta
008 200622s2024 000 0 eng d
040 _aCO-CtgCURN
_bspa
_ccoctgcurn
_erda
082 0 _aCOP 2024
_bM534
100 1 _aMena Ruiz, Daniela Paola,
_eauthor.
_4aut
245 1 4 _aLos impactos de la inteligencia artificial en el rol del contador público /
_cDaniela Paola Mena Ruiz; Director: Kenneth Licona.
260 _aCartagena de Indias :
_bCorporación Universitaria Rafael Núñez,
_c2024.
300 _a16 hojas.
336 _atext
_btxt
_2rdacontent
337 _aunmediated
_bn
_2rdamedia
338 _avolume
_bnc
_2rdacarrier
502 _aTrabajo de grado (Contador público). Corporación Universitaria Rafael Núñez. Facultad de Ciencias Administrativas y Contables. Programa de Contaduría Pública, 2024.
520 8 _a"La inteligencia artificial (IA) está transformando la tecnología de la información en diversas áreas, incluida la contabilidad. En contabilidad, la IA se utiliza para automatizar tareas repetitivas, como la clasificación de transacciones, el análisis de datos financieros y la detección de fraudes. Esto libera a los profesionales contables para centrarse en análisis más estratégicos y decisiones de mayor nivel. Además, la IA puede mejorar la precisión y la velocidad del procesamiento de datos, lo que lleva a una contabilidad más eficiente y precisa. Además, la IA en contabilidad también puede ayudar en la predicción de tendencias financieras, la optimización de procesos contables y la personalización de servicios para los clientes. Al aprovechar técnicas como el aprendizaje automático y el procesamiento del lenguaje natural, las empresas pueden obtener información valiosa de grandes volúmenes de datos financieros, lo que les permite tomar decisiones más informadas y estratégicas. En resumen, la IA está revolucionando la contabilidad al mejorar la eficiencia, la precisión y la capacidad de análisis de los profesionales contables"
650 0 _aContaduría pública
_xTesis y disertaciones académicas.
700 1 _aLicona, Kenneth,
_casesor.
856 7 _uhttps://unicurn.sharepoint.com/:b:/s/biblioteca/EYWUNEwa8BFElNP7SKd0c2sBMJDZV8KPFT-09sFFRRwejg?e=bslTfm
_zClick para ver el recurso en texto completo
942 _2ddc
_aMHC
_bMHC
_cTG
_hCOP 2024
_iM534
999 _c3396
_d3396